1885 1119 1439 1256 1323 1412 1917 1451 1373 1611 1114 1976 1235 1172 1582 1965 1598 1968 1685 1513 1064 1868 1593 1062 1646 1429 1987 1248 1123 1630 1324 1172 1679 1960 1363 1373 1397 1408 1559 1957 1145 1965 1790 1352 1632 1619 1578 1880 1931 1621 1311 1722 1235 1699 1602 1999 1040 1879 1175 1743 1214 1764 1152 1048 1482 1377 1665 1502 1230 1694 1855 1579 1655 1725 1690 1638 1828 1696 1045 1063 1415 1321 1540 1980 1023 1602 1365 1774 1639 1852 1966 1232 1892 1774 1673 1465 1277 1167 1610 BCNSPRNW ULIB Ver.6.0+V

เปลี่ยนเป็นภาษาไทย

Change to English
 แสดงรายละเอียดบรรณานุกรม
  กลับหน้าหลัก

Brief Record : Get Marc (ISO 2709) : E-mail record : QR code < ปิดหน้าต่าง
LEADER : 00000nam 2200000uu 4500
001    13399109242
003     ULIB
008    110324s2543||||th 000 0 tha d
060 04 WA540JT3^bพ361ผ 2543
110 1  สถาบันพระบรมราชชนก
245 00 รายงานผลการดำเนินงานแผนงานผลิตและพัฒนากำลังคนด้านสุขภาพประจำปีงบประมาณ 2543 /^cสุวาลี ชูเกียรติ
260    นนทบุรี :^bโครงการสวัสดิการวิชาการ สถาบันพระบรมราชชนก,^c2543
300    42 หน้า
650  7 ผลการดำเนินงาน
650  7 แผนงานผลิตและพัฒนากำลังคนด้านสุขภาพ
945    ^p0^l0^i013564
995    ทศพร
999 ^a ใช้งานได้ทุกระบบ
รายการนี้ยังไม่มีแท็ก
คุณยังไม่ได้ล็อกอิน คุณสามารถมีกิจกรรมร่วมกับเว็บไซต์ได้ แต่ต้องล็อกอินก่อน ::
  ล็อกอิน

รายการสื่อสารสนเทศ

ลำดับที่ ประเภท เลขเรียก/บาร์โค้ด สถานที่ สถานะ
- ไม่พบข้อมูล -

รายการใกล้เคียง
    หัวเรื่อง [ผลการดำเนินงาน]

BibComment


ยังไม่เคยถูกคอมเมนท์

คอมเมนท์ทรัพยากรรายการนี้
  คอมเมนท์: รายงานผลการดำเนิน..


 Copyright 2026. Bcnsprnw @Library